| 000 | 00472nam a2200181Ia 4500 | ||
|---|---|---|---|
| 005 | 20250423101234.0 | ||
| 008 | 250422s9999 xx 000 0 und d | ||
| 020 | _a0020154402 | ||
| 050 | _aPE 1112 .S54/ | ||
| 100 | _aShertzer, Margaret D. | ||
| 245 | 4 | _aThe elements of grammar | |
| 260 | _aNew York | ||
| 260 | _bMacmillan Publishing Company | ||
| 260 | _c1986 | ||
| 300 | _a168 p | ||
| 650 | _aEnglish language--Grammar--Handbooks, manuals, etc. | ||
| 942 | _cBK | ||
| 999 |
_c35711 _d35711 |
||